| 000 | 00941nam a2200277 i 4500 | ||
|---|---|---|---|
| 003 | CO-BoRNBP | ||
| 005 | 20230530221445.0 | ||
| 007 | ta | ||
| 008 | 200114s2005 ck gs 000 0 spa d | ||
| 040 |
_aCO-BoRNBP _bspa _erda _cCO-BoRNBP |
||
| 041 | _aspa | ||
| 082 | 0 | 4 |
_a639.3 _bH63p _223 |
| 110 | 1 |
_aHogares Juveniles Campesinos _92311 |
|
| 245 | 0 |
_aPeces _binstalaciones _cHogares Juveniles Campesinos _hDVD |
|
| 250 | _aPrimera edición | ||
| 264 | 1 |
_aBogotá _bFundación Hogares Juveniles Campesinos, Grania _c2005 |
|
| 300 |
_a1 DVD sonido, color (24 minutos) _bdigital stereo _c19 cm |
||
| 336 |
_2rdacontent _atexto _btxt |
||
| 337 |
_2rdamedia _asin mediación _bn |
||
| 338 |
_2rdacarrier _avolumen _bnc |
||
| 490 | 0 | _aVideoteca del campo : granja integral autosuficiente | |
| 521 | _aRecomendado para público adulto | ||
| 650 | 1 | 7 |
_aInstalaciones agricolas _2LEMB _92312 |
| 650 | 1 | 7 |
_aPiscicultura _2LEMB _92313 |
| 942 |
_2ddc _cDVD |
||
| 999 |
_c9619 _d9619 |
||